| 000 | 00818nam a2200193Ii 4500 | ||
|---|---|---|---|
| 003 | JO-AjNU | ||
| 008 | 230605s9999||||xx |||||||||||||| ||und|| | ||
| 040 |
_aJO-AjNU _bara _erda _cJO-AjNU |
||
| 041 | _aara | ||
| 050 | 1 | 4 | _aGV943.9.H3562 1995 |
| 100 | 3 |
_aتاليف ابراهيم، مفتي، م.مشارك ابو العينين، محمود, _eauthor _935821 |
|
| 245 | 0 | 0 | _aالاساليب الحديثة في تدريب كرة القدم والقانون الدولي |
| 264 | 3 | 1 | _aمصر: دار المعارف، 1995 |
| 300 |
_a188ص _bيشتمل على جداول وصور فوتوغرافية |
||
| 336 |
_atext _btxt _2rdacontent |
||
| 337 |
_aunmediated _bn _2rdamedia |
||
| 338 |
_avolume _bnc _2rdacarrier |
||
| 650 | 4 |
_aكرة القدم -تدريب ، القانون الدولي - رياضة _935822 |
|
| 999 |
_aA14825 _c18393 _d18393 |
||